[Event "36th Zalakaros Open 2017"]
[Site "Zalakaros HUN"]
[Date "2017.05.22"]
[Round "5.3"]
[White "Papp, Gabor1"]
[Black "Praggnanandhaa, R"]
[Result "1-0"]
[WhiteTitle "GM"]
[BlackTitle "IM"]
[WhiteElo "2592"]
[BlackElo "2471"]
[WhiteFideId "718602"]
[BlackFideId "25059530"]
[EventDate "2017.05.18"]

1. Nf3 Nf6 2. c4 e6 3. d4 d5 4. g3 Bb4+ 5. Bd2 Bd6 6. Bg2 c6 7. b3 Nbd7 8. Nc3
O-O 9. O-O Qe7 10. Qc2 b6 11. e4 Nxe4 12. Nxe4 dxe4 13. Qxe4 Bb7 14. Rfe1 Rfe8
15. Rad1 Qf8 16. Bc3 Rad8 17. Qc2 h6 18. Re2 Bb4 19. Bxb4 Qxb4 20. Ne5 Nxe5 21.
dxe5 Qc5 22. Rxd8 Rxd8 23. Rd2 Qe7 24. Qd1 Rxd2 25. Qxd2 Kf8 26. b4 Ke8 27. Qd6
Qxd6 28. exd6 Kd7 29. c5 Ba6 30. Be4 Bc4 31. a3 b5 32. f4 Bd5 33. Bd3 f6 34. Bg6
e5 35. fxe5 fxe5 36. Kf2 Ke6 37. Bc2 Kf6 38. Bf5 Kf7 39. Bd7 Kf6 40. Ke3 Kf7 41.
Kd3 Kf6 42. Kc3 Kf7 43. a4 bxa4 44. b5 cxb5 45. Bxb5 Ke6 46. Kb4 Bb3 47. d7 Ke7
48. c6 Be6 49. Bxa4 e4 50. Kc3 a5 51. Kd4 Bf5 52. Bc2 Bh3 53. Bxe4 a4 54. Kc3 a3
55. Kb3 Bxd7 56. cxd7 Kxd7 57. h4 Ke6 58. h5 Kf6 59. g4 Kg5 60. Bf5 1-0

[Event "36th Zalakaros Open 2017"]
[Site "Zalakaros HUN"]
[Date "2017.05.22"]
[Round "5.4"]
[White "Sanal, Vahap"]
[Black "Nisipeanu, Liviu-Dieter"]
[Result "1/2-1/2"]
[WhiteTitle "GM"]
[BlackTitle "GM"]
[WhiteElo "2533"]
[BlackElo "2686"]
[WhiteFideId "6300545"]
[BlackFideId "1202758"]
[EventDate "2017.05.18"]

1. Nf3 d5 2. g3 Nf6 3. Bg2 e6 4. c4 Be7 5. b3 O-O 6. O-O b6 7. Bb2 Bb7 8. cxd5
Nxd5 9. d4 Nd7 10. Re1 N5f6 11. Nc3 c5 12. e4 cxd4 13. Nxd4 Bc5 14. a3 Ne5 15.
Na4 Bxd4 16. Bxd4 Nc6 17. Bb2 Qxd1 18. Raxd1 Na5 19. b4 Nc4 20. Bc1 Rac8 21. f3
h6 22. Kf2 Rc7 23. Bf1 Rfc8 24. h4 h5 25. Bf4 e5 26. Bc1 Bc6 27. Nc3 Be8 28. a4
Na3 29. Nd5 Rc2+ 30. Kg1 Nxd5 31. exd5 Nc4 32. Bd3 Bxa4 33. Bf5 Nd6 34. Bxc8
Rxc8 35. Rd3 Bd7 36. Ra3 Nb5 37. Ra2 f6 38. Kf2 Rc4 39. Rb2 Kf7 40. f4 e4 41.
Be3 Rc3 42. Bd2 Rc4 43. Be3 Rc3 44. Bd2 Rc4 1/2-1/2

[Event "36th Zalakaros Open 2017"]
[Site "Zalakaros HUN"]
[Date "2017.05.22"]
[Round "5.5"]
[White "Mikhalevski, Victor"]
[Black "Kovalenko, Igor"]
[Result "1-0"]
[WhiteTitle "GM"]
[BlackTitle "GM"]
[WhiteElo "2520"]
[BlackElo "2657"]
[WhiteFideId "2801914"]
[BlackFideId "14117908"]
[EventDate "2017.05.18"]

1. d4 d5 2. c4 e6 3. Nf3 Nf6 4. g3 Bb4+ 5. Bd2 Be7 6. Bg2 O-O 7. O-O Nbd7 8. Qc2
c6 9. Rd1 Ne4 10. Be3 Nd6 11. b3 a5 12. Bf4 f5 13. Nc3 Kh8 14. Ng5 Nf6 15. c5
Nde8 16. Nf3 Nh5 17. e3 Nef6 18. Na4 Bd7 19. Ne5 Be8 20. Nd3 Nd7 21. Bd6 b5 22.
Nb6 Bxd6 23. Nxa8 Bxg3 24. hxg3 Qxa8 25. Ne5 Nhf6 26. f3 Bh5 27. Rf1 Nxe5 28.
dxe5 Nd7 29. Qc3 Qa7 30. Rac1 Qc7 31. e4 fxe4 32. fxe4 Re8 33. a3 Kg8 34. Rce1
d4 35. Qxd4 Nxe5 36. Qd6 Re7 37. Bh3 Bf7 38. Rd1 g5 39. Qxc7 Rxc7 40. Rd6 g4 41.
Bg2 Ra7 42. Rfd1 a4 43. b4 Kg7 44. Bf1 Re7 45. Kf2 Be8 46. Ke3 Nf7 47. Be2 h5
48. Rh1 e5 49. Rd2 Ng5 50. Rd8 Kg6 51. Rhd1 Ne6 52. R8d6 Kg7 53. Rf1 Nd4 54. Bd3
Bf7 55. Rf5 Be8 56. Rg5+ Kf8 57. Rh6 Nf3 58. Rh8+ Kf7 59. Rgxh5 Kf6 60. R5h7 Bf7
61. Rd8 Nd4 62. Rh6+ Kg5 63. Rhh8 Be6 64. Rde8 Rg7 65. Rh1 Rd7 66. Reh8 Bf7 67.
R8h7 Kf6 68. R1h6+ Ke7 69. Rd6 Rc7 70. Rg6 Rc8 71. Rxg4 Kf6 72. Rh6+ Ke7 73. Rg5
Ne6 74. Rxe5 Rg8 75. Kf2 Rg7 76. Bf1 1-0

[Event "36th Zalakaros Open 2017"]
[Site "Zalakaros HUN"]
[Date "2017.05.22"]
[Round "5.6"]
[White "Efimenko, Zahar"]
[Black "Horvath, Jozsef1"]
[Result "0-1"]
[WhiteTitle "GM"]
[BlackTitle "GM"]
[WhiteElo "2648"]
[BlackElo "2526"]
[WhiteFideId "14107201"]
[BlackFideId "700061"]
[EventDate "2017.05.18"]

1. e4 d6 2. d4 Nf6 3. Nc3 e5 4. Nf3 Nbd7 5. g3 Be7 6. Bg2 O-O 7. O-O c6 8. a4 b6
9. Re1 a6 10. h3 Bb7 11. Nh4 g6 12. Bh6 Re8 13. Qd2 Bf8 14. Nf5 gxf5 15. exf5
exd4 16. Rxe8 Nxe8 17. Ne2 Bxh6 18. Qxh6 Qf6 19. Qd2 d5 20. g4 Nd6 21. Ng3 Nc4
22. Qf4 Qe5 23. Qh6 Kh8 24. g5 Rg8 25. h4 Nxb2 26. Ra3 Nc4 27. Rd3 Nd6 28. Rf3
Ne4 29. Nh5 Qd6 30. g6 fxg6 0-1

[Event "36th Zalakaros Open 2017"]
[Site "Zalakaros HUN"]
[Date "2017.05.22"]
[Round "5.7"]
[White "Gupta, Abhijeet"]
[Black "Kollars, Dmitrij"]
[Result "1/2-1/2"]
[WhiteTitle "GM"]
[BlackTitle "IM"]
[WhiteElo "2626"]
[BlackElo "2503"]
[WhiteFideId "5010608"]
[BlackFideId "12909572"]
[EventDate "2017.05.18"]

1. d4 d5 2. Bf4 Nf6 3. e3 c5 4. Nf3 Nc6 5. Nbd2 Qb6 6. dxc5 Qxb2 7. Rb1 Qc3 8.
Rb3 Qxc5 9. Qb1 e6 10. Rxb7 Bd6 11. Rb5 Qa3 12. Rb3 Qc5 13. Bxd6 Qxd6 14. c4 O-O
15. cxd5 exd5 16. Bb5 d4 17. O-O dxe3 18. Ne4 Nxe4 19. Qxe4 e2 20. Bxe2 Bd7 21.
Rd1 Qe6 22. Qc2 Rfd8 23. Bd3 g6 24. h4 Qf6 25. Be4 Rac8 26. Qb2 Qf4 27. Re3 Be6
28. Rxd8+ Nxd8 29. g3 Qb8 30. Qf6 Qb6 31. h5 Bxa2 32. Qa1 Bc4 33. Bxg6 Ne6 34.
Bf5 Rc5 35. Qf6 Qd8 36. Bxh7+ Kxh7 37. Qxf7+ Kh8 38. Ne5 Ng7 39. Nxc4 Qd1+ 40.
Kg2 Rxh5 41. Re8+ Nxe8 42. Qxe8+ Kh7 43. Qf7+ Kh8 44. Qf8+ Kh7 1/2-1/2

[Event "36th Zalakaros Open 2017"]
[Site "Zalakaros HUN"]
[Date "2017.05.22"]
[Round "5.8"]
[White "Erdos, Viktor"]
[Black "Antal, Gergely"]
[Result "1/2-1/2"]
[WhiteTitle "GM"]
[BlackTitle "GM"]
[WhiteElo "2614"]
[BlackElo "2517"]
[WhiteFideId "719978"]
[BlackFideId "717312"]
[EventDate "2017.05.18"]

1. c4 c5 2. Nc3 Nf6 3. e3 d5 4. cxd5 Nxd5 5. Nf3 Nxc3 6. bxc3 g6 7. Bb5+ Nd7 8.
Ba3 e6 9. Rb1 Be7 10. d4 cxd4 11. Bxe7 Qxe7 12. cxd4 O-O 13. O-O Nb6 14. Qc1 Nd5
15. e4 Nc7 16. Bd3 b6 17. h4 Ba6 18. Bxa6 Nxa6 19. h5 Rfc8 20. Qh6 Qf8 21. Qf4
Qe7 22. Rb5 Nc7 23. Rg5 Ne8 24. Rg3 Qf6 25. Qh6 Qg7 26. Qe3 Rc2 27. hxg6 hxg6
28. Ne5 Rac8 29. Rf3 R8c7 30. a4 Nf6 31. Re1 Ne8 32. Qg5 f6 33. Qg4 f5 34. exf5
exf5 35. Qxg6 Qxg6 36. Nxg6 Rc1 37. Rxc1 Rxc1+ 38. Kh2 Nd6 39. Ne7+ Kg7 40. a5
Kf6 41. Nxf5 Nxf5 42. g4 Kg5 43. gxf5 Kf6 44. axb6 axb6 45. Rb3 Kxf5 46. Rxb6
Ke4 47. Rd6 Kf3 48. Rf6+ Ke4 49. Re6+ Kf3 50. Rf6+ Ke4 51. Kg3 Rg1+ 52. Kh4 Kxd4
53. Re6 Kd5 54. Re3 Rg8 55. f4 Rf8 56. Kg5 Rg8+ 57. Kh5 Rf8 58. Re5+ Kd6 59. Kg4
Rg8+ 60. Rg5 Rf8 61. Rg6+ Ke7 62. Kg5 Ra8 63. Rf6 Ra1 64. Kf5 Rb1 65. Ra6 Kf7
66. Ra7+ Kf8 67. Kg5 Rb6 68. Rh7 Ra6 69. Rh6 Rxh6 70. Kxh6 Kf7 71. Kg5 Kg7 72.
f5 Kf7 73. f6 Kf8 74. Kg6 Kg8 75. f7+ Kf8 76. Kf6 1/2-1/2

[Event "36th Zalakaros Open 2017"]
[Site "Zalakaros HUN"]
[Date "2017.05.22"]
[Round "5.9"]
[White "Chernyshov, Konstantin"]
[Black "Svane, Rasmus"]
[Result "1/2-1/2"]
[WhiteTitle "GM"]
[BlackTitle "GM"]
[WhiteElo "2485"]
[BlackElo "2573"]
[WhiteFideId "4117328"]
[BlackFideId "4657101"]
[EventDate "2017.05.18"]

1. d4 d5 2. Nf3 Nf6 3. g3 Bf5 4. Bg2 e6 5. O-O h6 6. c4 c6 7. Nc3 Nbd7 8. Qb3
Qb6 9. c5 Qa6 10. Re1 b6 11. cxb6 axb6 12. Bf4 Be7 13. Ne5 Nxe5 14. Bxe5 O-O 15.
a3 Bg6 16. e4 Rac8 17. Rac1 dxe4 18. Nxe4 Nd5 19. Nd6 Bxd6 20. Bxd6 Rfd8 21. Bb4
Bd3 22. a4 Bf5 23. Bd2 Qa7 24. Qa3 b5 25. axb5 Qxa3 26. bxa3 cxb5 27. Rc5 Ra8
28. Bxd5 Rxd5 29. Rxd5 exd5 30. Bb4 1/2-1/2

[Event "36th Zalakaros Open 2017"]
[Site "Zalakaros HUN"]
[Date "2017.05.22"]
[Round "5.10"]
[White "Czebe, Attila"]
[Black "Danin, Alexandre"]
[Result "0-1"]
[WhiteTitle "GM"]
[BlackTitle "GM"]
[WhiteElo "2475"]
[BlackElo "2543"]
[WhiteFideId "705268"]
[BlackFideId "4144031"]
[EventDate "2017.05.18"]

1. Nf3 Nf6 2. g3 g6 3. Bg2 Bg7 4. O-O O-O 5. d3 d5 6. Nbd2 Nc6 7. c3 a5 8. e4 e5
9. Re1 Re8 10. Qc2 h6 11. b3 Be6 12. a3 dxe4 13. dxe4 Nd7 14. Bb2 Nc5 15. Bf1 b6
16. Bb5 Bd7 17. Nc4 Qf6 18. Nh4 a4 19. bxa4 Na5 20. Bxd7 Nxd7 21. Ne3 c6 22. c4
Nc5 23. f4 Qe7 24. fxe5 h5 25. Nf3 Nd7 26. e6 Qxe6 27. Bxg7 Kxg7 28. Rad1 Ne5
29. Nd4 Qf6 30. Rf1 Qg5 31. Qf2 Kg8 32. Ndc2 Rad8 33. Nd4 Qe7 34. Kg2 Naxc4 35.
Nxc4 Nxc4 36. e5 Nxe5 37. Rfe1 c5 38. Nc6 Qb7 39. Rxe5 Qxc6+ 40. Qf3 Qxf3+ 41.
Kxf3 Rxd1 42. Rxe8+ Kg7 43. Re3 Rd4 44. Rb3 Rxa4 45. Rxb6 Rxa3+ 46. Kf4 Ra2 47.
h4 Ra4+ 48. Kf3 Rg4 49. Rb5 c4 50. Re5 Kf6 51. Re8 Rd4 52. Rc8 0-1

[Event "36th Zalakaros Open 2017"]
[Site "Zalakaros HUN"]
[Date "2017.05.22"]
[Round "5.11"]
[White "Havasi, Gergo"]
[Black "Shyam, Sundar M."]
[Result "0-1"]
[BlackTitle "GM"]
[WhiteElo "2402"]
[BlackElo "2535"]
[WhiteFideId "760293"]
[BlackFideId "5019141"]
[EventDate "2017.05.18"]

1. e4 e5 2. Nf3 Nc6 3. Bc4 Bc5 4. O-O Nf6 5. d3 O-O 6. c3 a6 7. Bb3 d6 8. h3 h6
9. Re1 Ba7 10. Be3 Bxe3 11. Rxe3 Ne7 12. d4 Ng6 13. dxe5 dxe5 14. Qxd8 Rxd8 15.
Nbd2 b5 16. Bc2 Be6 17. Nb3 Bxb3 18. axb3 Rd6 19. b4 Rad8 20. g3 Nh7 21. Bb3 Kf8
22. Kf1 Ng5 23. Ng1 Ne6 24. h4 h5 25. Nf3 Ke7 26. Ke2 f6 27. Ke1 Ngf8 28. Re2 c5
29. bxc5 Nxc5 30. Bc2 Rc6 31. Rd2 Rb8 32. Ng1 b4 33. f3 bxc3 34. bxc3 Nfe6 35.
Ne2 g5 36. Kf2 Rb2 37. Ke3 gxh4 38. gxh4 Nf4 39. Ng3 Nb3 40. Nf5+ Ke8 41. c4
Rxc2 42. Rxc2 Nxa1 43. Rb2 Kd8 44. Rd2+ Kc7 45. Ra2 Nb3 46. Ra3 Nc5 0-1

[Event "36th Zalakaros Open 2017"]
[Site "Zalakaros HUN"]
[Date "2017.05.22"]
[Round "5.12"]
[White "Rapport, Richard"]
[Black "Nemeth, Miklos1"]
[Result "1/2-1/2"]
[WhiteTitle "GM"]
[BlackTitle "IM"]
[WhiteElo "2698"]
[BlackElo "2451"]
[WhiteFideId "738590"]
[BlackFideId "720232"]
[EventDate "2017.05.18"]

1. d4 Nf6 2. Nc3 d5 3. Bf4 e6 4. e3 Bd6 5. Nf3 Bxf4 6. exf4 Qd6 7. Ne5 a6 8. Qf3
c5 9. dxc5 Qxc5 10. O-O-O Nc6 11. Kb1 b5 12. Nxc6 Qxc6 13. Bd3 Bb7 14. Rhe1
O-O-O 15. Qg3 g6 16. Qh4 Nd7 17. a3 Kb8 18. Bf1 Qc7 19. Rd4 Rc8 20. Red1 Nb6 21.
Qf6 h5 22. R1d2 Rhe8 23. a4 Nc4 24. Bxc4 bxc4 25. Qe5 Ka7 26. Qxc7 Rxc7 27. Ka2
f6 28. Re2 e5 29. fxe5 fxe5 30. Rd1 d4 31. Ne4 Rd8 32. f3 d3 33. Red2 Bxe4 34.
fxe4 Rd4 35. cxd3 cxd3 36. Rxd3 Rxa4+ 1/2-1/2

[Event "36th Zalakaros Open 2017"]
[Site "Zalakaros HUN"]
[Date "2017.05.22"]
[Round "5.13"]
[White "Markus, Robert"]
[Black "Gazik, Viktor"]
[Result "1-0"]
[WhiteTitle "GM"]
[BlackTitle "IM"]
[WhiteElo "2673"]
[BlackElo "2449"]
[WhiteFideId "921637"]
[BlackFideId "14928752"]
[EventDate "2017.05.18"]

1. d4 Nf6 2. c4 g6 3. Nf3 Bg7 4. g3 O-O 5. Bg2 d6 6. O-O Nbd7 7. Nc3 e5 8. e4 c6
9. b3 Qe7 10. h3 a5 11. Re1 exd4 12. Nxd4 Nc5 13. Bf4 Nfd7 14. Be3 Ne5 15. Qc2
Ne6 16. Nxe6 fxe6 17. f4 Nf7 18. Rad1 Qf6 19. e5 dxe5 20. Ne4 Qe7 21. Bc5 Qc7
22. Bxf8 Kxf8 23. Ng5 Nxg5 24. fxg5 Bd7 25. Be4 Kg8 26. h4 Be8 27. h5 Qe7 28.
hxg6 hxg6 29. Bxg6 Qxg5 30. Bxe8 Rxe8 31. Kg2 Bf8 32. Rd7 Re7 33. Rxe7 Bxe7 34.
Rh1 Qg7 35. Qe4 Bf6 36. Rd1 Qf7 37. Rf1 Kf8 38. Qd3 Kg7 39. g4 Qe7 40. Rh1 Kg8
41. Qg6+ Bg7 42. Qh7+ Kf8 43. Rf1+ Ke8 44. Qg6+ 1-0

[Event "36th Zalakaros Open 2017"]
[Site "Zalakaros HUN"]
[Date "2017.05.22"]
[Round "5.14"]
[White "Plenca, Jadranko"]
[Black "Zubov, Alexander"]
[Result "0-1"]
[WhiteTitle "IM"]
[BlackTitle "GM"]
[WhiteElo "2446"]
[BlackElo "2604"]
[WhiteFideId "14527146"]
[BlackFideId "14109409"]
[EventDate "2017.05.18"]

1. e4 g6 2. d4 Bg7 3. Nf3 d6 4. Nc3 Nf6 5. Be2 O-O 6. O-O Nc6 7. d5 Nb8 8. Re1
c6 9. a4 Bg4 10. h3 Bxf3 11. Bxf3 Nbd7 12. Be3 Qc7 13. Qd2 Rfe8 14. Bd4 e6 15.
dxe6 fxe6 16. Rad1 Rad8 17. Be2 d5 18. exd5 exd5 19. Bf1 a6 20. b3 Qd6 21. g3
Rxe1 22. Rxe1 Re8 23. Bg2 Qb4 24. Rxe8+ Nxe8 25. Bxg7 Kxg7 26. Qe3 Nef6 27. Ne2
Kf7 28. Nd4 Qe7 29. Qd2 Nc5 30. Qf4 Kg7 31. Qd2 Nce4 32. Qe3 Kf7 33. g4 Nd6 34.
Qf4 Kg7 35. Bf3 Nd7 36. Kg2 Ne5 37. Be2 c5 38. Nf3 Nc6 39. h4 Qf6 40. Qd2 d4 41.
Qg5 Ne4 42. Qxf6+ Kxf6 43. Bd3 Nd6 44. Ng5 b5 45. axb5 axb5 46. Nxh7+ Kg7 47.
Ng5 c4 48. bxc4 bxc4 49. h5 cxd3 50. cxd3 gxh5 51. gxh5 Kh6 52. Ne6 Kxh5 53. Kf1
Kg4 54. Ke2 Nb5 55. Nxd4 Nbxd4+ 56. Kd2 Kf3 57. Kc3 Ne2+ 58. Kc4 Ncd4 59. Kd5
Kxf2 60. Ke4 Kg3 61. Ke3 Kg2 62. Ke4 Kf2 63. Kd5 Kf3 64. Ke5 Ke3 65. Kd5 Kf4 66.
Kd6 Nc3 67. Kc5 Ke5 68. Kc4 Nce2 69. Kc5 Ke6 70. Kc4 Kd6 71. Kb4 Kd5 72. Ka5 Nc3
73. Kb6 Ncb5 74. Ka6 Kc6 75. Ka5 Kc5 76. Ka4 Nc3+ 77. Ka3 Kb5 78. Kb2 Nce2 79.
Ka2 Ka4 80. Kb2 Kb4 81. Ka2 Nc1+ 82. Kb2 Ncb3 83. Ka2 Kc3 84. Ka3 Nc5 85. Ka2
Na4 86. Ka3 Nb2 87. Ka2 Nb5 88. Kb1 Nd4 89. Ka2 Nc6 90. Ka3 Na7 91. Ka2 Nb5 92.
Kb1 Na3+ 93. Kc1 Nc2 94. d4 Nb4 95. Kb1 N2d3 96. d5 Kb3 97. d6 Na2 0-1

[Event "36th Zalakaros Open 2017"]
[Site "Zalakaros HUN"]
[Date "2017.05.22"]
[Round "5.15"]
[White "Vajda, Levente"]
[Black "Shvayger, Yuliya"]
[Result "1/2-1/2"]
[WhiteTitle "GM"]
[BlackTitle "WGM"]
[WhiteElo "2600"]
[BlackElo "2423"]
[WhiteFideId "1203975"]
[BlackFideId "14100126"]
[EventDate "2017.05.18"]

1. Nf3 d5 2. g3 g6 3. Bg2 Bg7 4. O-O e5 5. d3 Ne7 6. a4 O-O 7. c3 Nbc6 8. a5 a6
9. e4 d4 10. h3 h6 11. Qa4 dxc3 12. Nxc3 Be6 13. Rd1 Qd7 14. Kh2 Rfd8 15. Be3
Nd4 16. Bxd4 exd4 17. Qxd7 Bxd7 18. Ne2 Bb5 19. Nf4 g5 20. Nh5 Nc6 21. Nxg7 Kxg7
22. Ne1 f6 23. f4 Nb4 24. Bf3 c6 25. Rac1 Rac8 26. Rc5 Kf7 27. Rd2 Kg6 28. Bd1
Re8 29. h4 Rh8 30. Bb3 Rce8 31. Kh3 Rhf8 32. hxg5 hxg5 33. fxg5 f5 34. Ng2 fxe4
35. Nh4+ Kg7 36. dxe4 Rxe4 37. g6 Be2 38. Rxe2 Rxe2 39. Rh5 Nd5 40. Bxd5 cxd5
41. Rxd5 Rxb2 42. Rxd4 Rb5 43. Rd7+ Kf6 44. Rc7 Ke6 45. Kg4 Kf6 46. Kh3 Rb3 47.
Kg4 Rb5 48. Kh3 1/2-1/2

[Event "36th Zalakaros Open 2017"]
[Site "Zalakaros HUN"]
[Date "2017.05.22"]
[Round "5.16"]
[White "Cuhendi, Sean Winshand"]
[Black "Prohaszka, Peter2"]
[Result "0-1"]
[WhiteTitle "IM"]
[BlackTitle "GM"]
[WhiteElo "2407"]
[BlackElo "2596"]
[WhiteFideId "7101554"]
[BlackFideId "726265"]
[EventDate "2017.05.18"]

1. e4 c6 2. d4 d5 3. Nc3 dxe4 4. Nxe4 Nf6 5. Nxf6+ exf6 6. Nf3 Bd6 7. Be2 O-O 8.
O-O Re8 9. Be3 Be6 10. c4 Nd7 11. Qd2 Nf8 12. Rfd1 Ng6 13. Rac1 Qb8 14. h3 Nf4
15. Bf1 Bf5 16. Nh4 Be6 17. Nf3 a5 18. a3 a4 19. d5 cxd5 20. Nd4 Bd7 21. Ne2
Nxe2+ 22. Bxe2 d4 23. Qxd4 Bh2+ 24. Kh1 Bc6 25. Bd3 Be5 26. Qh4 g6 27. Rd2 Qc7
28. Rcd1 Rad8 29. Qg4 h5 30. Qh4 Kg7 31. c5 f5 32. Bxf5 Rxd2 33. Bxd2 gxf5 34.
Qg5+ Kf8 35. Qxf5 Bg7 36. Bf4 Qa5 37. Qxh5 Re1+ 38. Kh2 Rxd1 39. Qxd1 Kg8 40. h4
Qxc5 41. Qg4 Kh7 42. Be3 Qd5 43. f4 Bxb2 0-1

[Event "36th Zalakaros Open 2017"]
[Site "Zalakaros HUN"]
[Date "2017.05.22"]
[Round "5.17"]
[White "Van Foreest, Lucas"]
[Black "Saptarshi, Roy"]
[Result "0-1"]
[WhiteTitle "IM"]
[BlackTitle "IM"]
[WhiteElo "2489"]
[BlackElo "2407"]
[WhiteFideId "1039792"]
[BlackFideId "5008980"]
[EventDate "2017.05.18"]

1. e4 e5 2. Nf3 Nc6 3. Bb5 a6 4. Ba4 Nf6 5. O-O Be7 6. Re1 b5 7. Bb3 d6 8. c3
O-O 9. h3 Na5 10. Bc2 d5 11. d4 dxe4 12. Nxe5 Bb7 13. Nd2 c5 14. dxc5 Bxc5 15.
b4 Bd6 16. Ng4 Nxg4 17. hxg4 Qh4 18. Bxe4 Qh2+ 19. Kf1 Rfe8 20. bxa5 Bf4 21. Qf3
Bxd2 22. g3 Bxc3 23. Rb1 Bd5 24. Re2 Bc4 25. Bg5 Rac8 26. Rc1 Bxe2+ 27. Kxe2 Bd4
28. Rxc8 Rxc8 29. Bd2 Re8 30. Be3 Bxe3 31. Qxe3 g6 32. Qd4 h5 0-1

[Event "36th Zalakaros Open 2017"]
[Site "Zalakaros HUN"]
[Date "2017.05.22"]
[Round "5.18"]
[White "Gasanov, Eldar"]
[Black "Almasi, Istvan"]
[Result "1-0"]
[WhiteTitle "GM"]
[BlackTitle "IM"]
[WhiteElo "2484"]
[BlackElo "2398"]
[WhiteFideId "14104466"]
[BlackFideId "701742"]
[EventDate "2017.05.18"]

1. e4 c5 2. Nc3 Nc6 3. g3 g6 4. Bg2 Bg7 5. d3 d6 6. f4 Nf6 7. Nf3 O-O 8. O-O Rb8
9. h3 b5 10. g4 b4 11. Ne2 c4 12. Be3 Ba6 13. Rf2 Qa5 14. Ng3 cxd3 15. cxd3 h5
16. g5 Nd7 17. d4 b3 18. axb3 Qb6 19. f5 d5 20. e5 h4 21. Nxh4 Ncxe5 22. Bxd5 e6
23. fxe6 fxe6 24. Be4 Qxb3 25. Rxf8+ Nxf8 26. Qxb3 Rxb3 27. Bf2 Nd3 28. Rxa6
Nxf2 29. Kxf2 Bxd4+ 30. Kg2 Rxb2+ 31. Kf3 Rb3+ 32. Kg2 Rb2+ 33. Kf3 Rb3+ 34. Kg4
Nd7 35. Rxe6 Kf7 36. Bd5 Rb5 37. Rf6+ Ke7 38. Nxg6+ Kd8 39. Rf5 1-0

[Event "36th Zalakaros Open 2017"]
[Site "Zalakaros HUN"]
[Date "2017.05.22"]
[Round "5.20"]
[White "Livaic, Leon"]
[Black "Meszaros, Tamas"]
[Result "1-0"]
[WhiteTitle "IM"]
[BlackTitle "IM"]
[WhiteElo "2464"]
[BlackElo "2401"]
[WhiteFideId "14531534"]
[BlackFideId "717410"]
[EventDate "2017.05.18"]

1. d4 Nf6 2. c4 e6 3. Nf3 d5 4. Nc3 dxc4 5. e4 b5 6. e5 Nd5 7. Nxb5 Nb6 8. g3
Nc6 9. Bg2 Qd7 10. O-O Ba6 11. Nc3 Rd8 12. Be3 Nb4 13. Qd2 h6 14. Rfd1 N6d5 15.
a3 Nxc3 16. bxc3 Nd5 17. Qc2 Be7 18. Nd2 O-O 19. Ne4 Nxe3 20. fxe3 Rb8 21. Rf1
Qb5 22. Rab1 Qa5 23. Rb4 Rb6 24. Rf4 Qxa3 25. Rxb6 cxb6 26. Nf6+ Bxf6 27. exf6
Qb3 28. Qc1 g5 29. Rf2 e5 30. h4 g4 31. Rf5 e4 32. Qf1 Qxc3 33. Qf4 1-0

[Event "36th Zalakaros Open 2017"]
[Site "Zalakaros HUN"]
[Date "2017.05.22"]
[Round "5.21"]
[White "Krzyzanowski, Marcin"]
[Black "Del Rey, Diego"]
[Result "1-0"]
[WhiteTitle "IM"]
[BlackTitle "IM"]
[WhiteElo "2457"]
[BlackElo "2352"]
[WhiteFideId "1132199"]
[BlackFideId "102164"]
[EventDate "2017.05.18"]

1. e4 d6 2. d4 Nf6 3. Nc3 e5 4. Nf3 Nbd7 5. Bc4 Be7 6. O-O O-O 7. Re1 c6 8. a4
a5 9. h3 Nb6 10. Ba2 Nfd7 11. Be3 exd4 12. Qxd4 Nc5 13. Rad1 Be6 14. Bxe6 fxe6
15. e5 d5 16. Qg4 Qe8 17. Ng5 h5 18. Qg3 Qg6 19. Ne2 Nc4 20. h4 Nxe3 21. Qxe3
Qxc2 22. Nf4 Qf5 23. Nxh5 Qg4 24. Ng3 Qxh4 25. Nh3 Qh6 26. Qd4 Ra6 27. Qg4 Rb6
28. f4 Rxb2 29. Rb1 Rb4 30. Rxb4 axb4 31. Rf1 Ne4 32. Nxe4 dxe4 33. Qe2 Bc5+ 34.
Kh2 e3 35. Qc4 Be7 36. Rf3 Rd8 37. Rxe3 Rd5 38. Rg3 Qh7 39. a5 Kf7 40. a6 bxa6
41. Qxa6 Rc5 42. Qb7 Rc3 43. Rf3 Rxf3 44. gxf3 Qc2+ 45. Kg3 Qc5 46. Qd7 Kf8 47.
Qc8+ Kf7 48. Qd7 Kf8 49. Qxe6 Qd5 50. Qg6 Qd2 51. e6 Qe1+ 52. Kg2 Qd2+ 53. Kg3
Qe1+ 54. Kg2 Qd2+ 55. Kg3 1-0

[Event "36th Zalakaros Open 2017"]
[Site "Zalakaros HUN"]
[Date "2017.05.22"]
[Round "5.22"]
[White "Nguyen, Piotr"]
[Black "Hemant, Sharma2"]
[Result "1/2-1/2"]
[WhiteTitle "IM"]
[WhiteElo "2453"]
[BlackElo "2380"]
[WhiteFideId "1127993"]
[BlackFideId "5025842"]
[EventDate "2017.05.18"]

1. e4 c5 2. Nf3 Nc6 3. d4 cxd4 4. Nxd4 g6 5. c4 Bg7 6. Be3 Nf6 7. Nc3 d6 8. Be2
O-O 9. O-O Bd7 10. Qd2 Nxd4 11. Bxd4 Bc6 12. f3 a5 13. b3 Nd7 14. Be3 Nc5 15.
Rab1 Qb6 16. Rfc1 Rfc8 17. Rc2 h5 18. Bf1 Kh7 19. Ne2 Qd8 20. a3 Qh8 21. Nf4 Be5
22. b4 axb4 23. axb4 Ra3 24. Kh1 Nb3 25. Qf2 Rca8 26. b5 Be8 27. Nd5 Nd4 28. Rd2
Ra1 29. Rxa1 Rxa1 30. f4 Bg7 31. Nxe7 Nxb5 32. Ra2 Rb1 33. Ra5 Nc3 34. Qf3 Bf6
35. Nd5 Bc6 36. h3 Bd4 37. Bxd4 Qxd4 38. Nxc3 Rb3 39. f5 Rxc3 40. fxg6+ fxg6 41.
Qf7+ Qg7 42. Qf4 Qd4 43. Qf7+ Qg7 44. Qf4 Qd4 45. Qf7+ 1/2-1/2

[Event "36th Zalakaros Open 2017"]
[Site "Zalakaros HUN"]
[Date "2017.05.22"]
[Round "5.23"]
[White "Munkhgal, Gombosuren"]
[Black "Aleksandrov, Aleksej"]
[Result "0-1"]
[WhiteTitle "IM"]
[BlackTitle "GM"]
[WhiteElo "2445"]
[BlackElo "2559"]
[WhiteFideId "4901266"]
[BlackFideId "13500139"]
[EventDate "2017.05.18"]

1. d4 Nf6 2. c4 e6 3. Nc3 d5 4. Nf3 Bb4 5. cxd5 exd5 6. Bf4 c6 7. e3 Bf5 8. Qb3
Qb6 9. Be2 Be7 10. O-O Qxb3 11. axb3 Nbd7 12. h3 h5 13. Rfc1 h4 14. Bg5 Ne4 15.
Bxe7 Kxe7 16. Nxe4 Bxe4 17. Nd2 Nf6 18. b4 a6 19. Nb3 Kd6 20. Nc5 Rab8 21. Ra3
Bf5 22. Bd3 Bxd3 23. Rxd3 Rhe8 24. f3 Re7 25. Kf2 Rbe8 26. g4 hxg3+ 27. Kxg3 Kc7
28. Kf2 Rh8 29. Rg1 Ne8 30. Rh1 Nd6 31. Rc3 Rhe8 32. Re1 Nf5 33. Rd3 Nd6 34. Rc3
Kb6 35. Rc2 Kb5 36. Nd3 f6 37. Nf4 g5 38. Rc5+ Kb6 39. Nh5 Rf7 40. Ng3 Rh7 41.
Kg2 f5 42. Rcc1 Kb5 43. e4 fxe4 44. fxe4 Nxe4 45. Nf5 Rf8 46. Ng3 Nxg3 47. Kxg3
Rf4 48. Re5 Rxd4 49. Rxg5 Rd3+ 50. Kf4 Rdxh3 51. Ke5 R3h5 52. Rxh5 Rxh5+ 53. Kd6
Kb6 0-1